World famous fairy tales

Bibliographic Details
Format: Book
Published: London : System Publishing House Ltd , 1992
Series:Volume 2
Subjects:

MARC

LEADER 00000cam a2200000 7i4500
001 0000008624
002 000009400
005 20000330.0
020 |a 1857670043 
090 0 0 |a 398.2   |b WOR 
245 0 0 |a World famous fairy tales   |c edited by Jenniffer Armstrong 
260 |a London :   |b System Publishing House Ltd ,   |c 1992 
300 |a 48 p. :   |b ill ;   |c 26 cm. 
490 0 |a Volume 2 
650 0 0 |a Children's stories 
999 |a 048418   |b BUKU   |c PINJAMAN   |e PERPUSTAKAAN KOMUNITI PETALING JAYA